000 00631nam a22001577a 4500
082 _a200
100 _aYousaf, Muhammad Waseem
245 _aDevelopment of an Aviation Disaster Management Framework of Pakistan at per with International Standard and Practice /
_cMuhammad Waseem Yousaf
260 _aIslamabad :
_bMCE - NUST,
_c2017.
300 _a140 p. ;
_c30cm.
650 _aMS-Construction Engineering and Management
_9126573
700 _aSupervisor: Dr. Nadeem Shahzad
_9126710
856 _uhttp://10.250.8.41:8080/xmlui/handle/123456789/11788
942 _2ddc
_cSC
999 _c536177
_d536177